Control de calidad y estadística industrial
Zapisane w:
| 1. autor: | |
|---|---|
| Format: | Książka |
| Język: | hiszpański |
| Wydane: |
Ciudad de México
Alfaomega
1996
|
| Hasła przedmiotowe: | |
| Etykiety: |
Dodaj etykietę
Nie ma etykietki, Dołącz pierwszą etykiete!
|
MARC
| LEADER | 00000nam a2200000 a 4500 | ||
|---|---|---|---|
| 001 | UCO4686 | ||
| 003 | CL-VaPUC | ||
| 008 | 000811e19960000MX |||||||||||||||||spa|d | ||
| 082 | 0 | 4 | |a 658.562 |b DUN |2 21 |
| 100 | 0 | |a Duncan, Acheson J |e author |9 449324 | |
| 245 | 1 | 0 | |a Control de calidad y estadística industrial |
| 300 | |a 1084 p | ||
| 942 | |c BK | ||
| 945 | |d 20000811 00:00:00 |a vberengu | ||
| 260 | |a Ciudad de México |b Alfaomega |c 1996 | ||
| 650 | 0 | |a Análisis de varianza |9 336938 | |
| 650 | 0 | |a Control de calidad |9 259714 | |
| 650 | 0 | |a Estadística matemática |9 260028 | |
| 650 | 0 | |a Métodos estadísticos |9 259407 | |
| 583 | |a last modification |c 20000811 00:00:00 |k Rodrigo Vera | ||
| 999 | |c 290694 |d 290692 | ||
| 952 | |0 0 |1 0 |4 0 |6 658_562000000000000_DUN_1996 |7 0 |8 A |9 340242 |a BIBALI |b BIBALI |c RES |d 2019-11-20 |i 3641740 |o 658.562 DUN 1996 |p 3641740 |r 2025-01-20 |w 2019-11-20 |y BK_R |k ALI | ||
| 952 | |0 0 |1 0 |4 0 |6 658_562000000000000_DUN_1996 |7 0 |8 A |9 340243 |a BIBALI |b BIBALI |c RES |d 2019-11-20 |i 3888355 |o 658.562 DUN 1996 |p 3888355 |r 2025-01-20 |w 2019-11-20 |y BK_R |k ALI | ||